[Event "Polanica Zdroj op-B 49th"]
[White "Panas, Pawel"]
[Black "Dzieczkaniec, Piotr"]
[Site "Polanica Zdroj"]
[Round "2"]
[Result "1-0"]
[Date "2013.08.??"]
[WhiteElo "2159"]
[BlackElo "1896"]
[PlyCount "133"]
[EventDate "2013.08.17"]
[EventType "swiss"]
[EventRounds "9"]
[EventCountry "POL"]
[SourceTitle "CBM 156 Extra"]
[Source "ChessBase"]
[SourceDate "2013.10.22"]
[SourceVersion "1"]
[SourceVersionDate "2013.10.22"]
[SourceQuality "1"]

1. d4 Nf6 2. Nf3 d5 3. e3 Bf5 4. c4 e6 5. Qb3 Qc8 6. Nc3 c6 7. Bd2 dxc4 8. Bxc4 Be7 9. 0-0 0-0 10. Rfe1 Ne4 11. Nxe4 Bxe4 12. Rac1 b6 13. Ne5 Bf6 14. f3 Bd5 15. Bxd5 exd5 16. Nd3 Rd8 17. a4 Qb7 18. Rc2 Na6 19. Rec1 Rac8 20. Qa2 g6 21. b4 Nb8 22. Qb3 a6 23. a5 bxa5 24. Nc5 Qb5 25. bxa5 Qxb3 26. Nxb3 Be7 27. Be1 Bg5 28. Kf2 Re8 29. Bd2 Be7 30. Ke2 Bd6 31. g3 Re6 32. Nc5 Bxc5 33. Rxc5 Nd7 34. Rxd5 Rd8 35. Rg5 f5 36. g4 f4 37. e4 h6 38. d5 Rf6 39. e5 hxg5 40. exf6 cxd5 41. h4 gxh4 42. Bxf4 Re8+ 43. Kf2 Nxf6 44. Rc6 Kf7 45. Rxa6 Rc8 46. Bg5 Rc2+ 47. Kg1 Ne8 48. Ra7+ Kf8 49. Bxh4 Ra2 50. a6 d4 51. Rd7 Rxa6 52. Rxd4 Ra1+ 53. Kg2 Ra2+ 54. Kg3 Ng7 55. Rd6 Nf5+ 56. gxf5 gxf5 57. Rf6+ Kg7 58. Rxf5 Kg6 59. Rb5 Ra4 60. f4 Ra1 61. Kg4 Ra7 62. Rb6+ Kf7 63. Bf6 Ra5 64. Be5 Ra7 65. Kf5 Rd7 66. Rh6 Rd8 67. Rh7+ 1-0

[Event "Polanica Zdroj op-B 49th"]
[White "Panas, Pawel"]
[Black "Zaleski, Lukasz"]
[Site "Polanica Zdroj"]
[Round "4"]
[Result "0-1"]
[Date "2013.08.??"]
[WhiteElo "2159"]
[BlackElo "1821"]
[PlyCount "102"]
[EventDate "2013.08.17"]
[EventType "swiss"]
[EventRounds "9"]
[EventCountry "POL"]
[SourceTitle "CBM 156 Extra"]
[Source "ChessBase"]
[SourceDate "2013.10.22"]
[SourceVersion "1"]
[SourceVersionDate "2013.10.22"]
[SourceQuality "1"]

1. e4 e6 2. d4 d5 3. Nc3 dxe4 4. Nxe4 Nd7 5. Nf3 Ngf6 6. Nxf6+ Nxf6 7. c3 c5 8. Ne5 cxd4 9. Bb5+ Bd7 10. Nxd7 Nxd7 11. Qxd4 a6 12. Ba4 b5 13. Bc2 Nb6 14. Qg4 Rc8 15. 0-0 Rc4 16. Qf3 Be7 17. Qb7 0-0 18. Qxa6 Qc7 19. Qxb5 Rb8 20. Qh5 Rh4 21. Bf4 Qxf4 22. g3 Rxh5 23. gxf4 Nd5 24. Rfb1 Nxf4 25. Bd1 Rhb5 26. b4 Bf6 27. Rb3 Rxb4 28. cxb4 Bxa1 29. a4 Nd5 30. b5 Bc3 31. Bf3 Ba5 32. Rd3 Rd8 33. Rd4 Rc8 34. Kf1 Rc5 35. Rd1 Kf8 36. Bxd5 exd5 37. Rb1 Rc4 38. b6 Rb4 39. Rd1 Bxb6 40. Rxd5 Rxa4 41. Rb5 Bc7 42. h3 Ke7 43. Kg2 Bd6 44. Rh5 h6 45. Rb5 Ra3 46. Rd5 Ke6 47. Rb5 g5 48. Rb7 Ra2 49. Rb5 Rc2 50. Rb6 h5 51. Ra6 Ke5 0-1

[Event "POL-chT 1st League"]
[White "Jaroch, Pawel"]
[Black "Panas, Pawel"]
[Site "Poronin"]
[Round "9"]
[Result "1/2-1/2"]
[Date "2012.09.??"]
[WhiteElo "2239"]
[BlackElo "2167"]
[PlyCount "31"]
[EventDate "2012.09.01"]
[EventType "team-tourn"]
[EventRounds "9"]
[EventCountry "POL"]
[SourceTitle "EXT 2013"]
[Source "ChessBase"]
[SourceDate "2012.11.22"]
[SourceVersion "1"]
[SourceVersionDate "2012.11.22"]
[SourceQuality "1"]
[WhiteTeam "Pawlowice GKS Pniowek 74"]
[BlackTeam "Lublin Drakon SKOK Chmielewskiego"]
[WhiteTeamCountry "POL"]
[BlackTeamCountry "POL"]

1. d4 Nf6 2. c4 e6 3. Nf3 b6 4. g3 Bb7 5. Bg2 Be7 6. 0-0 0-0 7. Nc3 Ne4 8. Qc2 Nxc3 9. Qxc3 d6 10. Qc2 f5 11. d5 e5 12. Bh3 Bc8 13. Bg2 Bb7 14. Bh3 Bc8 15. Bg2 Bb7 16. Bh3 1/2-1/2

[Event "POL-chT 1st League"]
[White "Panas, Pawel"]
[Black "Szczechowicz, Bartosz"]
[Site "Poronin"]
[Round "3"]
[Result "1/2-1/2"]
[Date "2012.09.??"]
[WhiteElo "2167"]
[BlackElo "2291"]
[PlyCount "81"]
[EventDate "2012.09.01"]
[EventType "team-tourn"]
[EventRounds "9"]
[EventCountry "POL"]
[SourceTitle "EXT 2013"]
[Source "ChessBase"]
[SourceDate "2012.11.22"]
[SourceVersion "1"]
[SourceVersionDate "2012.11.22"]
[SourceQuality "1"]
[WhiteTeam "Lublin Drakon SKOK Chmielewskiego"]
[BlackTeam "Krakow TKKF Drogowiec"]
[WhiteTeamCountry "POL"]
[BlackTeamCountry "POL"]

1. d4 Nf6 2. Nf3 e6 3. c4 Bb4+ 4. Nbd2 b6 5. e3 Bb7 6. Bd3 0-0 7. 0-0 d5 8. a3 Bd6 9. b4 c5 10. dxc5 bxc5 11. cxd5 exd5 12. bxc5 Bxc5 13. Nb3 Bd6 14. Bb2 Nbd7 15. Nbd4 Re8 16. Qe2 a6 17. Bc3 Nc5 18. Rfb1 Nfe4 19. Bb4 Qd7 20. Rc1 Rec8 21. Rc2 Nxd3 22. Qxd3 Bxb4 23. axb4 Rxc2 24. Qxc2 Rc8 25. Qb2 h6 26. h3 Rc7 27. Rc1 Qc8 28. Rxc7 Qxc7 29. Nd2 Qc3 30. Qxc3 Nxc3 31. N2b3 Na2 32. b5 axb5 33. Nxb5 Nb4 34. Nc5 Bc8 35. Nd4 h5 36. h4 Kf8 37. f3 Ke7 38. Ncb3 g6 39. Ne2 Nc2 40. Kf2 Ba6 41. Nf4 1/2-1/2

[Event "Polanica Zdroj op-B 48th"]
[White "Bieluszewski, Piotr"]
[Black "Panas, Pawel"]
[Site "Polanica Zdroj"]
[Round "4"]
[Result "1/2-1/2"]
[Date "2012.08.21"]
[WhiteElo "2104"]
[BlackElo "2175"]
[PlyCount "37"]
[EventDate "2012.08.18"]
[EventType "swiss"]
[EventRounds "9"]
[EventCountry "POL"]
[SourceTitle "EXT 2014"]
[Source "ChessBase"]
[SourceDate "2013.11.20"]
[SourceVersion "1"]
[SourceVersionDate "2013.11.20"]
[SourceQuality "1"]

1. e4 e6 2. d4 d5 3. Nd2 Nf6 4. e5 Nfd7 5. Bd3 c5 6. c3 Nc6 7. Ne2 Qb6 8. Nf3 cxd4 9. cxd4 f6 10. exf6 Nxf6 11. 0-0 Bd6 12. Bf4 Bxf4 13. Nxf4 Qxb2 14. Re1 0-0 15. Re2 Qc3 16. Nxe6 Bxe6 17. Rxe6 Rae8 18. Rxe8 Rxe8 19. Rc1 1/2-1/2